Udržitelný rozvoj - odpovědné podnikání

Skupina ČEZ vo svojej aktuálnej firemnej stratégii zodpovedného podnikania s názvom Energia pre budúcnosť prešla od pojmu CSR (Corporate Social Responsibility) k termínu udržateľný rozvoj. V tejto stratégii sú zahrnuté kroky, ktoré vedú k udržateľnému podnikaniu a vytvárajú očakávané hodnoty aj pre...

Descrizione completa

Salvato in:
Dettagli Bibliografici
Autore principale: Chaloupková, Michaela
Natura: Capitolo di libro
Lingua:ceco
Soggetti:
Tags: Aggiungi Tag
Nessun Tag, puoi essere il primo ad aggiungerne!!

MARC

LEADER 00000naa a2200000 4500
001 0265164
005 20200702104053.8
041 0 |a cze 
044 |a CZ 
245 1 0 |a Udržitelný rozvoj - odpovědné podnikání  |c Michaela Chaloupková 
520 |a Skupina ČEZ vo svojej aktuálnej firemnej stratégii zodpovedného podnikania s názvom Energia pre budúcnosť prešla od pojmu CSR (Corporate Social Responsibility) k termínu udržateľný rozvoj. V tejto stratégii sú zahrnuté kroky, ktoré vedú k udržateľnému podnikaniu a vytvárajú očakávané hodnoty aj pre budúcnosť. Ide o znižovanie dopadov na životné prostredie, ochranu klímy, investície do výskumu, podporu inovatívnych energetických konceptov. Neoddeliteľnou súčasťou udržateľného správania je aj filantropia spoločnosti. 
610 2 0 |a podnikanie zodpovedné 
610 2 0 |a zodpovednosť spoločenská 
610 2 0 |a rozvoj trvalo udržateľný 
610 2 0 |a filantropia 
610 2 0 |a energetika 
100 1 |a Chaloupková, Michaela